Kingsman Quotes - Statistics

General Stats
  • This quiz has been taken 230 times
  • The average score is 8 of 12
Answer Stats
Quote Missing Word(s) % Correct
Manners Maketh ___ - Harry/ Eggsy man
98%
Well, if you save the _____, you know what that means. - Princess Tilde world
87%
I’m a catholic whore, currently enjoying congress out of wedlock with my black Jewish boyfriend who works at a military abortion clinic. Hail _____ and have a lovely afternoon madam. - Harry satan
80%
Kill... _____ John. - Poppy Elton
70%
Best agent or best ______? - Roxy friend
66%
Shoot the ___ - Arthur dog
65%
Mankind is the virus and I’m the ____ - Valentine cure
64%
Almost ______, West Virginia, Blue Ridge Mountains, Shenandoah River... - Merlin heaven
60%
Are we going to _____ around here all day or are we going to _____? - Harry/ Eggsy stand, fight
57%
It's like you said to Harry: This ain't that kind of movie, ____. - Eggsy bruv
50%
Eggsy! This is no time for _______. Remember your training. Or we all die. Now get on with it. - Merlin emotion
41%
Us Southerners get our good manners from the _______.' So I was thinkin', "Ain't that a ____? Y'all ain't keepin' none for yourself." - Tequila British, pity
17%
No matching quizzes found
Score Distribution
Percent of People with Each Score
Percentile by Number Answered
Your Score History
You have not taken this quiz